Regionálna politika a štrukturálne nástroje

Gespeichert in:
Bibliographische Detailangaben
1. Verfasser: Holešová, Henrieta
Format: Buch
Sprache:Slowakisch
Veröffentlicht: Bratislava Úrad vlády Slovenskej republiky 2003
Schriftenreihe:Naša Európa
Schlagworte:
Tags: Tag hinzufügen
Keine Tags, Fügen Sie das erste Tag hinzu!

MARC

LEADER 00000nam$a2200000$$$4500
001 0023031
005 20240318125808.3
020 |a 80-969006-5-X 
041 0 |a slo 
044 |a SK 
245 1 0 |a Regionálna politika a štrukturálne nástroje  |c Henrieta Holešová 
264 1 |a Bratislava  |b Úrad vlády Slovenskej republiky  |c 2003 
300 |a 48 s. 
490 1 |a Naša Európa 
830 0 |a Naša Európa 
610 2 0 |a politika regionálna 
610 2 0 |a pomoc medzinárodná 
610 2 0 |a fondy finančné 
610 2 0 |a rozvoj regionálny 
610 2 0 |a reformy 
610 2 0 |a správa verejná 
610 2 0 |a politika štruktúrna 
610 2 0 |a legislatíva 
610 2 0 |a harmonizácia 
610 2 0 |a fondy štruktúrne 
610 2 0 |a agentúry 
610 2 0 |a adresáre 
610 2 0 |a Slovensko 
610 2 0 |a Európska únia 
100 1 |a Holešová, Henrieta